000
00294nam a2200109Ia 4500
008
220216s9999 xx 000 0 und d
245
0
_a
Meenachil : Pioneer co-op set to foray into fresh terrains
260
_b
Rubber Asia
_c
2004
300
_a
57-61,97
650
_a
Rubber marketing
942
_c
JS
999
_c
62811
_d
62811